Aprendiz de hombre

Guardat en:
Dades bibliogràfiques
Autor principal: González Vera, José Santos (Autor)
Format: Llibre
Idioma:espanyol
Publicat: Santiago Zig-Zag 1960
Col·lecció:Biblioteca Cultura
Matèries:
Etiquetes: Afegir etiqueta
Sense etiquetes, Sigues el primer a etiquetar aquest registre!

MARC

LEADER 00000nam a2200000 a 4500
001 UCT5047
003 CL-VaPUC
008 961129e19600000CL |||||||||||||||||spa|d
082 0 4 |a Ch863  |b GON  |2 21 
100 0 |a González Vera, José Santos  |e author  |9 321193 
245 1 0 |a Aprendiz de hombre 
300 |a 175 p 
942 |c BK 
945 |d 19961129 00:00:00  |a rleighto 
260 |a Santiago  |b Zig-Zag  |c 1960 
650 0 |a Cuentos chilenos   |9 308280 
583 |a last modification  |c 19961129 00:00:00  |k Rodrigo Vera 
490 0 |a Biblioteca Cultura 
999 |c 254070  |d 254068 
952 |0 0  |1 0  |4 0  |6 CH_863_000000000000000_GON_1960  |7 0  |8 A  |9 275445  |a BIBEDU  |b BIBEDU  |d 2019-11-19  |i 325416K  |o Ch863 GON 1960  |p 325416K  |r 2019-11-19  |w 2019-11-19  |y BK  |k LIT